000 01211nam0a22002891 4500
001 v19\rc\1963619
005 20251118181024.4
035 _a(NLR Aleph) 005047098
090 _a6855023
_c6855023
100 _a20080428d1913 u y0rusy50 ca
101 1 _arus
_clav
102 _aRU
105 _aa z |||a|
200 1 _aЗамки Лифляндской Швейцарии со старыми рыцарскими стенами, с своими знаменитостями, гротами и скалами, с историческим рассказом о трейденской Май-Розе, о ее честности и трагической кончине в трейденской Гутманской норе
_eПер. с латыш.
_fСост. К. Цилинский
210 _aРига
_cИ. Клавин
_d1913
215 _a62 с.
_cил.
_d20
300 _aНа обл. авт. не указан
700 1 _aЦилинский
_bК.
_4220
801 0 _aRU
_bNLR
_gpsbo
801 0 _aRU
_bRuMoRGB
_2psbo
801 1 _aRU
_bProSoft-M
_2rusmarc
852 _aNLR
_j43.21.9.152
899 _aRuMoRGB
_jV 35/922
899 _aRuMoRGB
_jV 577/75
899 _aБАН
942 _cBOOK
980 _aNB